000 00945cab a2200289 4500
001 ABS56277
008 090401t1996 xxu||||| |||| 00| 0 eng d
035 _a(Sirsi) u22483
041 _aeng
100 _aPeto, R.
245 _aPrice and worth: developments in valuation methodology
260 _c1996
350 _a0
490 _aJournal of Property Valuation and Investment
_v14(4) 1996, 79-100(22)
520 _aLooks at the difference between price and worth, explaining traditional techniques of assessing price and arguing for discounted cash flow techniques to acheive an assessment of worth. References.
650 _aDISCOUNTED CASH FLOW TECHNIQUES
650 _aMALLINSON REPORT
650 _aPRICE
650 _aVALUATION METHODS
650 _aVALUATION TECHNIQUES
650 _aWORTH
690 _aRATING AND VALUATION
700 _aFrench, N.
700 _aBowman, G.
942 _n0
948 _c04/03/1997
999 _c15065
_d15065